Hound at the hospital / (Record no. 264894)
[ view plain ]
| 000 -LEADER | |
|---|---|
| fixed length control field | 01488cam a22003977a 4500 |
| 001 - CONTROL NUMBER | |
| control field | 15482748 |
| 003 - CONTROL NUMBER IDENTIFIER | |
| control field | OSt |
| 005 - DATE AND TIME OF LATEST TRANSACTION | |
| control field | 20250603105534.0 |
| 008 - FIXED-LENGTH DATA ELEMENTS--GENERAL INFORMATION | |
| fixed length control field | 081010s1998 nyua j 000 1 eng d |
| 010 ## - LIBRARY OF CONGRESS CONTROL NUMBER | |
| LC control number | 2008300628 |
| 020 ## - INTERNATIONAL STANDARD BOOK NUMBER | |
| International Standard Book Number | 9780439448918 (pbk.) |
| International Standard Book Number | 0439448913 (pbk.) |
| 035 ## - SYSTEM CONTROL NUMBER | |
| System control number | (OCoLC)ocm51282606 |
| 040 ## - CATALOGING SOURCE | |
| Original cataloging agency | SO$ |
| Transcribing agency | SO$ |
| Modifying agency | MOU |
| -- | OCLCQ |
| -- | BAKER |
| -- | BTCTA |
| -- | DLC |
| 042 ## - AUTHENTICATION CODE | |
| Authentication code | lccopycat |
| 050 00 - LIBRARY OF CONGRESS CALL NUMBER | |
| Classification number | PZ7.B14032 |
| Item number | Ho 1998 |
| 082 00 - DEWEY DECIMAL CLASSIFICATION NUMBER | |
| Classification number | [Fic] |
| Edition number | 22 |
| 100 1# - MAIN ENTRY--PERSONAL NAME | |
| Personal name | Baglio, Ben M. |
| 245 10 - TITLE STATEMENT | |
| Title | Hound at the hospital / |
| Statement of responsibility, etc | Ben M. Baglio ; illustrations by Jenny Gregory ; [cover art by Mary Ann Lasher]. |
| 260 ## - PUBLICATION, DISTRIBUTION, ETC. (IMPRINT) | |
| Place of publication, distribution, etc | New York : |
| Name of publisher, distributor, etc | Scholastic, |
| Date of publication, distribution, etc | c1998. |
| 300 ## - PHYSICAL DESCRIPTION | |
| Extent | 133 p. : |
| Other physical details | ill. ; |
| Dimensions | 20 cm. |
| 490 0# - SERIES STATEMENT | |
| Series statement | Apple series |
| Series statement | Animal Ark |
| 500 ## - GENERAL NOTE | |
| General note | "A Working Partners book"--P. [4] of cover. |
| 520 ## - SUMMARY, ETC. | |
| Summary, etc | When Mandy and James observe SPCA inspector Danny Davies and his beagle Sasha on patrol, things taken an unexpected turn when Sasha is injured. |
| 521 0# - TARGET AUDIENCE NOTE | |
| Target audience note | RL4. |
| Target audience note | 008-011. |
| 650 #0 - SUBJECT ADDED ENTRY--TOPICAL TERM | |
| Topical term or geographic name as entry element | Dogs |
| Form subdivision | Juvenile fiction. |
| Topical term or geographic name as entry element | Animal welfare |
| Form subdivision | Juvenile fiction. |
| 700 1# - ADDED ENTRY--PERSONAL NAME | |
| Personal name | Gregory, Jenny. |
| Personal name | Lasher, Mary Ann. |
| 800 1# - SERIES ADDED ENTRY--PERSONAL NAME | |
| Personal name | Baglio, Ben M. |
| Title of a work | Animal Ark ; |
| Volume/sequential designation | 33. |
| 906 ## - LOCAL DATA ELEMENT F, LDF (RLIN) | |
| a | 7 |
| b | cbc |
| c | copycat |
| d | 2 |
| e | ncip |
| f | 20 |
| g | y-gencatlg |
| 942 ## - ADDED ENTRY ELEMENTS (KOHA) | |
| Source of classification or shelving scheme | Library of Congress Classification |
| Koha item type | Long Loan Books |
| Withdrawn status | Lost status | Source of classification or shelving scheme | Damaged status | Not for loan | Collection code | Home library | Current library | Shelving location | Date acquired | Source of acquisition | Total Checkouts | Full call number | Barcode | Date last seen | Price effective from | Koha item type |
|---|---|---|---|---|---|---|---|---|---|---|---|---|---|---|---|---|
| Library of Congress Classification | Fiction | Rongo University Library | Rongo University Library | Children's Area | 03/06/2025 | ALP Donation | PZ7.B14032 Ho 1998 | CL20221974 | 03/06/2025 | 03/06/2025 | Long Loan Books |
